Normal view MARC view
  • Calvo, Federico

Entry Nombre Personal

Number of records used in: 1

001 - NUMERO DE CONTROL

  • campo de control: 48863

003 - IDENTIFICADOR DE NUMERO DE CONTROL

  • campo de control: MX-MxUPN

005 - FECHA Y HORA DE LA ÜLTIMA TRANSACCIÓN

  • campo de control: 20230511095847.0

008 - DATOS DE LONGITUD FIJA

  • campo de control de longitud fija: 230511|| aca||aabn | a|a d

040 ## - FUENTE DE CATALOGACIÓN

  • Agencia original de catalogación: MX-MxUPN
  • Lenguaje de catalogación: spa
  • Agencia de transcripción: MX-MxUPN

100 1# - ENCABEZAMIENTO - NOMBRE PERSONAL

  • Nombre personal: Calvo, Federico

670 ## - FUENTE EN LA QUE SE LOCALIZARON DATOS

  • Cita de la fuente: Medición de la inteligencia: exposición y guía para el uso de la revisión y extensión de Stanford de la escala de Binet y Simon, 1927:
  • Información localizada: portada (Federico Calvo, traductor; director del Laboratorio de Psicología del Instituto Nacional de Panamá)

902 ## - CATALOGADOR

  • Catalogador: Víctor Ruiz/110523